Central Library OPAC University of Rajshahi
Normal view MARC view

Entry Personal Name

Number of records used in: 5

001 - CONTROL NUMBER

  • control field: 6353

003 - CONTROL NUMBER IDENTIFIER

  • control field: BD-RjUL

005 - DATE AND TIME OF LATEST TRANSACTION

  • control field: 20221218164513.0

008 - FIXED-LENGTH DATA ELEMENTS

  • fixed length control field: 221218|| aca||aabn | a|a d

040 ## - CATALOGING SOURCE

  • Original cataloging agency: BD-RjUL
  • Transcribing agency: BD-RjUL

100 ## - HEADING--PERSONAL NAME

  • Personal name: Talukder, G. Supervisor

670 ## - SOURCE DATA FOUND

  • Source citation: Work cat.: (BD-RjUL)80983: Hashem, Md. Abul 6351, Studies of the effects of annealing, partial degassing and light soaking on sputtered a-Si: H films through analysis of infrared and thermal effusion results /, 1999